000 00556nam a2200241Ia 4500
008 210210b2009 xxu||||| |||| 00| 0 eng d
020 _a9788178061665
041 _aeng
082 _a130 SHRP
100 _aSHRIKHANDE (Mehra)
245 _aParanormal experiences: beyond the realms of reason
260 _aNew Delhi
_b-
_c2009
300 _a224
650 _athe
650 _areason
650 _arealms
650 _aParanormal
650 _aof
650 _aexperiences:
650 _abeyond
690 _aPhilosophy
906 _a064111
999 _c139601
_d139601